[Event "Stay Safe Play From Home 290"]
[Site "Emanuel Lasker Arena"]
[Date "2020.07.09"]
[Round "3"]
[White "VotaryRoma"]
[Black "Fischer_11"]
[Result "0-1"]
[WhiteElo "2179"]
[BlackElo "2045"]
[Annotator "NA"]
[PlyCount "112"]
[EventDate "2020.07.09"]
[EventType "swiss (blitz)"]

1. Nf3 {[%emt 0:00:07]} Nf6 {[%emt 0:00:01]} 2. g3 {[%emt 0:00:00]} e6 {[%emt 0:00:00]} 3. Bg2 {[%emt 0:00:04]} d5 {[%emt 0:00:00]} 4. O-O {[%emt 0:00:00]} c6 {[%emt 0:00:00]} 5. d4 {[%emt 0:00:00]} c5 {[%emt 0:00:00]} 6. c4 {[%emt 0:00:00]} Nc6 {[%emt 0:00:00]} 7. cxd5 {[%emt 0:00:00]} Nxd5 {[%emt 0:00:01]} 8. dxc5 {[%emt 0:00:00]} Bxc5 {[%emt 0:00:01]} 9. Qa4 {[%emt 0:00:01]} Bd7 {[%emt 0:00:02]} 10. Rd1 {[%emt 0:00:06]} Nd4 {[%emt 0:00:02]} 11. Qc4 {[%emt 0:00:09]} Nxf3+ {[%emt 0:00:09]} 12. Bxf3 {[%emt 0:00:00]} Rc8 {[%emt 0:00:04]} 13. Bxd5 {[%emt 0:00:01]} Bxf2+ {[%emt 0:00:02]} 14. Kxf2 {[%emt 0:00:01]} Rxc4 {[%emt 0:00:01]} 15. Bxc4 {[%emt 0:00:00]} O-O {[%emt 0:00:01]} 16. Be3 {[%emt 0:00:01]} Qc7 {[%emt 0:00:01]} 17. Bb3 {[%emt 0:00:02]} Bc6 {[%emt 0:00:01]} 18. Nc3 {[%emt 0:00:01]} a6 {[%emt 0:00:01]} 19. Bf4 {[%emt 0:00:00]} e5 {[%emt 0:00:02]} 20. Be3 {[%emt 0:00:01]} Rd8 {[%emt 0:00:02]} 21. Nd5 {[%emt 0:00:00]} Bxd5 {[%emt 0:00:02]} 22. Rxd5 {[%emt 0:00:02]} Rxd5 {[%emt 0:00:02]} 23. Bxd5 {[%emt 0:00:00]} g6 {[%emt 0:00:00]} 24. Rc1 {[%emt 0:00:01]} Qd6 {[%emt 0:00:01]} 25. Bf3 {[%emt 0:00:00]} Kg7 {[%emt 0:00:01]} 26. h4 {[%emt 0:00:01]} h6 {[%emt 0:00:01]} 27. h5 {[%emt 0:00:01]} g5 {[%emt 0:00:02]} 28. g4 {[%emt 0:00:01]} Kf6 {[%emt 0:00:01]} 29. Be4 {[%emt 0:00:00]} Ke6 {[%emt 0:00:01]} 30. Bf5+ {[%emt 0:00:02]} Kf6 {[%emt 0:00:01]} 31. Kf3 {[%emt 0:00:01]} Kg7 {[%emt 0:00:01]} 32. Be4 {[%emt 0:00:00]} Qf6+ {[%emt 0:00:01]} 33. Kg2 {[%emt 0:00:01]} Qe6 {[%emt 0:00:00]} 34. Rc3 {[%emt 0:00:00]} Qxg4+ {[%emt 0:00:01]} 35. Kf2 {[%emt 0:00:01]} Qxe4 {[%emt 0:00:00]} 36. Rd3 {[%emt 0:00:00]} Qh4+ {[%emt 0:00:02]} 37. Kf1 {[%emt 0:00:01]} Qxh5 {[%emt 0:00:00]} 38. Ke1 {[%emt 0:00:00]} Qh1+ {[%emt 0:00:01]} 39. Kd2 {[%emt 0:00:00]} Qh4 {[%emt 0:00:01]} 40. Rc3 {[%emt 0:00:00]} f6 {[%emt 0:00:02]} 41. Rd3 {[%emt 0:00:00]} Kg6 {[%emt 0:00:00]} 42. Rd7 {[%emt 0:00:01]} Qg4 {[%emt 0:00:00]} 43. Rd8 {[%emt 0:00:00]} h5 {[%emt 0:00:00]} 44. Rg8+ {[%emt 0:00:00]} Kf5 {[%emt 0:00:00]} 45. Rd8 {[%emt 0:00:00]} h4 {[%emt 0:00:00]} 46. Rd3 {[%emt 0:00:00]} h3 {[%emt 0:00:00]} 47. Rd5 {[%emt 0:00:00]} h2 {[%emt 0:00:00]} 48. Rxe5+ {[%emt 0:00:00]} Kxe5 {[%emt 0:00:00]} 49. Bd4+ {[%emt 0:00:00]} Kf5 {[%emt 0:00:00]} 50. e4+ {[%emt 0:00:02]} Kg6 {[%emt 0:00:01]} 51. Bc3 {[%emt 0:00:00]} Qxe4 {[%emt 0:00:00]} 52. Kd1 {[%emt 0:00:02]} Qg2 {[%emt 0:00:00]} 53. Bd4 {[%emt 0:00:01]} h1=Q+ {[%emt 0:00:00]} 54. Bg1 {[%emt 0:00:01]} Qhh3 {[%emt 0:00:00]} 55. Bf2 {[%emt 0:00:01]} Qhh1+ {[%emt 0:00:00]} 56. Bg1 {[%emt 0:00:00]} Qhxg1# {[%emt 0:00:00] (Lag: Av=0.31s, max=0.7s)} 0-1

[Event "Stay Safe Play From Home 290"]
[Site "Emanuel Lasker Arena"]
[Date "2020.07.09"]
[Round "3"]
[White "Lazieri3"]
[Black "Haxhi Baha"]
[Result "1-0"]
[WhiteElo "2066"]
[BlackElo "1993"]
[Annotator "TA"]
[PlyCount "95"]
[EventDate "2020.07.09"]
[EventType "swiss (blitz)"]

{[%evp 9,95,0,2,5,4,0,1,0,0,0,0,-18,-12,-15,-20,-16,-5,-6,-6,-39,-8,-41,0,-22,0,0,12,3,26,0,0,0,0,0,0,0,0,0,0,-8,0,0,76,75,86,16,16,16,20,33,83,18,62,0,0,-8,0,0,0,0,0,0,0,0,0,0,0,0,33,36,230,0,0,0,0,0,0,0,0,0,0,0,0,0,0,0,0,0]} 1. e4 e6 2. Nc3 d5 3. exd5 exd5 4. d4 c6 5. Bf4 Nf6 6. Nf3 {C01: French: Exchange Variation.} Bd6 7. Bxd6 Qxd6 8. Bd3 O-O 9. O-O Bg4 {[#]} 10. Be2 $146 ({Predecessor:} 10. h3 Bh5 11. Re1 Nbd7 12. Be2 Ne4 13. Nxe4 dxe4 14. Ne5 Bxe2 15. Qxe2 Nxe5 16. dxe5 Qxe5 17. Qxe4 Qxb2 {0-1 (46) Vasquez Miranda,L (1727)-Hernandez,J (1979) San Salvador 2017}) 10... Re8 11. Ne5 Bxe2 12. Nxe2 Nbd7 13. Nxd7 Qxd7 14. Ng3 h6 15. c3 b6 16. Re1 c5 17. Qd2 Qg4 18. h3 Qh4 (18... Qg5 {is more complex.} 19. Qxg5 hxg5 20. Nf5 Kf8 21. Red1 Re2) 19. Rxe8+ Rxe8 20. dxc5 bxc5 21. Re1 Rxe1+ 22. Qxe1 Qc4 23. a3 Qd3 24. Qe2 Qb1+ 25. Kh2 Ne4 (25... d4 $11) 26. Nxe4 $16 dxe4 {[%mdl 4096] Endgame KQ-KQ} 27. b4 ({White should try} 27. Qb5 $16) 27... cxb4 $11 28. axb4 Qd3 29. Qe3 f5 30. Qxa7 (30. Qc5 $16) 30... Qxc3 31. b5 (31. Qb8+ $14 Kh7 32. Qd6) 31... Qe5+ {[%mdl 64] [#] Double Attack} 32. g3 f4 33. Qa8+ Kh7 34. Qc6 e3 35. fxe3 fxe3 {[#] Threatens to win with ...e2.} (35... fxg3+ {looks sharper.} 36. Kg2 Qxe3 37. Qc2+ Kg8 38. Qf5 Kh8) 36. Qc2+ Kg8 {Strongly threatening ...e2.} 37. Qe2 Qc5 38. Kg2 g6 39. Kf3 Kg7 $2 ({Better is} 39... Qe5 $1 $14) 40. Qxe3 $2 (40. Qb2+ $18 Kh7 41. b6) 40... Qxb5 {The position is equal.} 41. Qd4+ Kf7 42. Qe4 Qf1+ 43. Kg4 Qd1+ 44. Qf3+ Qxf3+ 45. Kxf3 Ke6 46. h4 g5 47. Ke4 g4 48. h5 {[%mdl 32768] Accuracy: White = 81%, Black = 79%. . Loss on time!?} 1-0

[Event "Stay Safe Play From Home 290"]
[Site "Emanuel Lasker Arena"]
[Date "2020.07.09"]
[Round "3"]
[White "Bardellosport"]
[Black "AChessPlayer"]
[Result "0-1"]
[WhiteElo "1968"]
[BlackElo "2385"]
[Annotator "TA"]
[PlyCount "106"]
[EventDate "2020.07.09"]
[EventType "swiss (blitz)"]

{[%evp 9,106,25,39,10,13,13,13,6,17,9,16,16,14,4,8,-7,-11,-8,0,0,68,8,18,0,10,8,11,12,30,4,19,20,96,8,12,-10,8,0,0,-71,-60,-77,-25,-53,0,-24,0,0,0,0,0,0,-10,-45,0,0,0,0,0,0,0,0,18,0,0,0,53,0,31,0,0,-27,0,0,0,-28,0,-29,666,585,702,724,984,935,937,833,12837,892,902,0,807,0,753,0,901,889,29991,29992,29992]} 1. e4 c6 2. d3 d5 3. Nd2 dxe4 4. dxe4 e5 5. Ngf3 Nd7 {[%cal Bb8d7,Bd7f8,Bf8g6,Bg6f4][%mdl 32]} 6. Be2 {B10: Caro-Kann: 2 d3 and 2 c4.} Ngf6 7. O-O Qc7 {[#]} 8. c3 $146 {The position is equal.} ({Predecessor:} 8. b3 Bc5 9. Bb2 O-O 10. c4 Rd8 11. Qc2 a6 12. a3 b6 13. b4 Bf8 14. c5 bxc5 15. bxc5 Bxc5 {½-½ (53) Donskikh,Y (2447)-Klugel,J (2550) RCCA corr 2005}) 8... Be7 9. Qc2 Nf8 10. Nc4 Ng6 11. Ne3 Nf4 12. Nf5 Bxf5 13. exf5 Nxe2+ 14. Qxe2 Bd6 (14... e4 $11 15. Ng5 Qe5) 15. Re1 ({White should try} 15. Bg5 $14) 15... O-O 16. Nd2 Rfe8 17. Ne4 {Threatening Nxf6+.} Nxe4 18. Qxe4 Bf8 19. g4 Rad8 20. Be3 Qd7 (20... Rd5 $11 {remains equal.}) 21. Qg2 (21. Bxa7 $16 Qd5 22. Qxd5 Rxd5 23. Be3) 21... b6 $11 22. Qf3 Qd5 23. Kg2 e4 24. Qf4 (24. Qe2 $11) 24... Bd6 25. Qg5 $1 f6 (25... Be5 $17) 26. Qh4 Bc5 27. Qg3 a5 {[#]} 28. Rad1 $1 {[%mdl 512]} Qxd1 29. Rxd1 Rxd1 30. Bxc5 bxc5 {[%mdl 4096] Endgame KQ-KRR} 31. Qc7 Rdd8 32. Qxc6 e3 33. fxe3 Rxe3 34. Qxc5 Rd2+ 35. Kf1 Re8 36. Qc4+ Kh8 37. b4 a4 (37... Rxh2 $11 38. b5 (38. bxa5 Rb8 $17) 38... Rd8) 38. b5 (38. h4 $1 $14) 38... a3 39. b6 {Threatens to win with b7.} (39. g5 $5 fxg5 40. f6 gxf6 41. b6 $16) 39... Rb2 40. Qc5 Rd8 {[%cal Rd8d1]} 41. Ke1 Re8+ 42. Kf1 Rd8 {[%cal Rd8d1]} 43. Ke1 Rxh2 $2 {[%mdl 8192]} (43... Rxa2 $11 44. Qe7 Rg8) 44. b7 $18 {And now Qc8! would win.} Re8+ 45. Kf1 Rb2 {[#]} 46. Qc8 $1 {[%cal Rc8e8][%mdl 512]} Rb1+ 47. Kf2 {[%cal Rc8e8]} Rbe1 48. Kg3 (48. b8=Q $142 R1e2+ 49. Kf3 R2e3+ 50. Kg2 Re2+ 51. Kh3 R2e3+ 52. Kg2 Re2+ 53. Kh3 R2e3+ 54. Kh4 g5+ 55. fxg6 Rxc8 56. Qxc8+ Kg7 57. gxh7 Kxh7 58. Qd7+ Kg6 59. Qf5+ Kf7 60. g5) 48... R1e3+ 49. Kf2 $2 ({White should play} 49. Kh4 $18 g5+ 50. fxg6 {[%mdl 64] Promotion} hxg6 51. b8=Q) 49... Re2+ $2 {[%mdl 8192]} (49... Re1 $11 50. b8=Q R1e2+ 51. Kg3 R2e3+ 52. Kh4 g5+ 53. fxg6 Rxc8 54. Qxc8+ Kg7 55. gxh7 Kxh7 56. Qf5+ {[%mdl 64] Double Attack} Kg7) 50. Kg3 R2e3+ 51. Kf2 $2 (51. Kh4 $18 g5+ 52. fxg6 {[%mdl 64] Promotion} hxg6 53. b8=Q Rxc8 54. Qxc8+ Kg7 55. g5 fxg5+ 56. Kxg5 Re5+ 57. Kf4) 51... h5 $2 {[%mdl 8192]} (51... Re2+ $11 52. Kg3 h5) 52. b8=Q Rxc8 53. Qxc8+ Kh7 {[%mdl 32768] Accuracy: White = 62%, Black = 58%. . Sensor Board Error (Ke4/e5)?} 0-1

[Event "Stay Safe Play From Home 290"]
[Site "Emanuel Lasker Arena"]
[Date "2020.07.09"]
[Round "3"]
[White "Ironmike"]
[Black "Justwatch"]
[Result "0-1"]
[WhiteElo "1967"]
[BlackElo "1663"]
[Annotator "TA"]
[PlyCount "74"]
[EventDate "2020.07.09"]
[EventType "swiss (blitz)"]
[WhiteTeam "SV Horst-Emscher I"]

{[%evp 9,73,-89,-86,-87,-59,-58,-44,-125,-42,-96,-47,-145,-26,-175,-175,-207,-199,-227,-209,-207,-191,-245,-208,-225,-200,-256,-260,-314,-287,-296,-262,-389,-360,-504,-365,-383,142,-400,-402,-550,-436,-692,-647,-818,-807,-765,-759,-692,-633,-959,-551,-532,-522,-495,-512,-508,-493,-495,-500,-646,-599,-735,-699,-29998,-29999,-29999]} 1. e4 Nf6 2. Nf3 Nxe4 3. Nc3 Nf6 4. d4 d5 5. Bd3 {[#]} Bg4 $146 ({Predecessor:} 5... e6 6. Bg5 Be7 7. O-O Nbd7 8. Re1 O-O 9. Qd2 c5 10. dxc5 Nxc5 11. Re2 Nxd3 12. Qxd3 {0-1 (39) Visvader,K (1378)-Orvisky,V (1744) Slovakia 2019}) 6. O-O {B04: Alekhine's Defence: 4 Nf3.} Bxf3 7. Qxf3 Nc6 8. Bg5 (8. Bb5 $15) 8... e6 (8... Nxd4 $17 9. Qg3 Ne6 10. Bxf6 gxf6) 9. Rad1 (9. Ne2 $15) 9... Be7 10. Rfe1 (10. Ne2 $15) 10... h6 ({Black should try} 10... Nxd4 $17 11. Qg3 h6) 11. Bh4 (11. Bxf6 $11 gxf6 12. Ne2) 11... Nxd4 $19 12. Qf4 Nc6 {Strongly threatening ...g5.} 13. Bb5 {intending Bxf6.} O-O 14. Bxc6 bxc6 {[%cal Bb7c6,Bc6c5][%mdl 32]} 15. Ne2 (15. Bxf6 {is a better defense.} Bxf6 16. Qe3) 15... c5 16. Bg3 Ne4 17. c3 c6 18. h3 Bd6 19. Qg4 Bxg3 20. fxg3 (20. Nxg3 {was the only defense.} f5 21. Qf4) 20... Qf6 21. Kh2 Qe5 22. Rf1 Qd6 $2 {[#]} (22... a5 $19 {Threatens to win with ...Rfb8.} 23. Rc1 a4) 23. Rde1 $2 {[%mdl 8192]} (23. Qxe4 $1 $16 {[%mdl 512] is necessary to keep the advantage.} e5 (23... dxe4 24. Rxd6) 24. Qf5) 23... f5 24. Qf3 Rab8 25. Rd1 (25. Qf4 $142 Rxb2 26. Qxd6 Nxd6 27. Nf4) 25... Rxb2 26. Nf4 Rxa2 27. c4 d4 28. Qb3 Rf2 29. Rfe1 Rxf4 30. gxf4 Qxf4+ 31. Kg1 Qf2+ 32. Kh2 Rf6 33. Rf1 Qh4 34. Rb1 Rg6 35. Qb8+ Kh7 36. Rf4 Qg3+ {[%mdl 64] [#] Double Attack} 37. Kh1 Qxg2# {Accuracy: White = 24%, Black = 53%.} 0-1

[Event "Stay Safe Play From Home 290"]
[Site "Emanuel Lasker Arena"]
[Date "2020.07.09"]
[Round "3"]
[White "Trotsky"]
[Black "Weltszmerc"]
[Result "0-1"]
[WhiteElo "1609"]
[BlackElo "2160"]
[Annotator "TA"]
[PlyCount "58"]
[EventDate "2020.07.09"]
[EventType "swiss (blitz)"]

{[%evp 9,58,43,45,49,59,48,35,32,39,8,9,-54,-52,-96,16,-91,3,9,29,0,0,-79,-60,-94,-18,-95,-103,-145,73,44,417,-245,-246,-356,-288,-749,-749,-1131,-1135,-1107,-1097,-1110,-1127,-1245,-1235,-1220,-1188,-5577,-5577,-29991,-29992]} 1. d4 Nf6 2. e3 d5 3. c4 c6 4. Nc3 dxc4 5. Bxc4 b5 6. Bd3 {D10: Slav Defence: 3 cxd5 (without early Nf3) and 3 Nc3.} a6 7. Qc2 e6 8. Nf3 {White is slightly better.} Bb7 9. Bd2 Nbd7 10. e4 (10. Ne4 $11) 10... c5 $15 {Threatens to win with ...cxd4.} 11. d5 exd5 (11... c4 $17 12. Be2 exd5 13. exd5 Bc5) 12. exd5 (12. e5 $11) 12... b4 (12... Nxd5 13. Nxd5 Bxd5 14. O-O-O $16) (12... Bd6 $17) 13. Ne4 $36 {[%mdl 2048] White has good play.} Nxd5 14. O-O-O {[#] Black must now prevent Rhe1.} (14. Bg5 $5 {[%cal Rg5d8]} f6 15. O-O $11) 14... Be7 15. h4 (15. Neg5 $11) 15... h6 16. Kb1 Rc8 (16... Qc7 $17 17. Rhe1 O-O) 17. Bc4 (17. Rhe1 $1 $11 O-O 18. b3) 17... N7b6 $17 18. b3 {[%cal Bb2b3,Bb3c4][%mdl 32]} Nxc4 $2 (18... Qc7 $17 {stays on course. Strongly threatening ...0-0.} 19. Rde1 Kf8) 19. bxc4 $16 Nb6 $2 {[%mdl 8192]} ({But not} 19... f5 $2 20. Ng3 $18) ({Black should try} 19... O-O $14) 20. Ka1 $4 {[%mdl 8192]} (20. Bf4 $18 O-O 21. Rxd8 Rcxd8 22. Re1) 20... Qc7 $19 21. Rc1 (21. Rde1 $142) 21... a5 22. Nfg5 $2 (22. Rce1) 22... hxg5 23. hxg5 Rxh1 24. Rxh1 Qe5+ {[%mdl 64] [#] Double Attack} 25. Nc3 Nxc4 26. Rh8+ Kd7 27. f4 Qd4 {[%mdl 64] Pin} 28. Rxc8 Kxc8 29. Qf5+ Kb8 {Accuracy: White = 12%, Black = 53%.} 0-1

[Event "Stay Safe Play From Home 290"]
[Site "Emanuel Lasker Arena"]
[Date "2020.07.09"]
[Round "3"]
[White "Mandy"]
[Black "Tartak"]
[Result "0-1"]
[WhiteElo "900"]
[BlackElo "1750"]
[Annotator "NA RC"]
[PlyCount "40"]
[EventDate "2020.07.09"]
[EventType "swiss (blitz)"]

1. d4 {[%emt 0:00:02]} e6 {[%emt 0:00:01]} 2. Bf4 {[%emt 0:00:01]} d6 {[%emt 0:00:01]} 3. e3 {[%emt 0:00:01]} Nc6 {[%emt 0:00:01]} 4. Nf3 {[%emt 0:00:01]} Be7 {[%emt 0:00:01]} 5. h3 {[%emt 0:00:01]} Nh6 {[%emt 0:00:02]} 6. c3 {[%emt 0:00:01]} Nf5 {[%emt 0:00:01]} 7. Bd3 {[%emt 0:00:02]} Nh4 {[%emt 0:00:02]} 8. g3 {[%emt 0:00:06]} Ng6 {[%emt 0:00:02]} 9. h4 {[%emt 0:00:05]} Nxf4 {[%emt 0:00:01]} 10. exf4 {[%emt 0:00:03]} Bf6 {[%emt 0:00:01]} 11. O-O {[%emt 0:00:05]} Qe7 {[%emt 0:00:01]} 12. Nbd2 {[%emt 0:00:02]} Bd7 {[%emt 0:00:01]} 13. Qe2 {[%emt 0:00:02]} O-O-O {[%emt 0:00:02]} 14. Rad1 {[%emt 0:00:01]} h6 {[%emt 0:00:01]} 15. f5 {[%emt 0:00:05]} g5 {[%emt 0:00:02]} 16. hxg5 {[%emt 0:00:04]} hxg5 {[%emt 0:00:01]} 17. d5 {[%emt 0:00:08]} exd5 {[%emt 0:00:02]} 18. Nd4 {[%emt 0:00:03]} Qxe2 {[%emt 0:00:02]} 19. Bxe2 {[%emt 0:00:02]} Nxd4 {[%emt 0:00:01]} 20. Bg4 {[%emt 0:00:05]} Nxf5 {[%emt 0:00:08] Zeit (Lag: Av=0.72s, max=1.0s)} 0-1

[Event "Stay Safe Play From Home 290"]
[Site "Emanuel Lasker Arena"]
[Date "2020.07.09"]
[Round "4"]
[White "Eidgenosse"]
[Black "Mepe_Nika"]
[Result "1-0"]
[WhiteElo "2462"]
[BlackElo "2374"]
[Annotator "TA"]
[PlyCount "84"]
[EventDate "2020.07.09"]
[EventType "swiss (blitz)"]

{[%evp 16,84,29,0,43,-9,60,47,138,130,163,151,219,219,226,202,399,191,247,120,120,102,176,143,202,201,190,88,84,4,3,8,11,-30,0,0,0,0,0,0,0,0,0,0,0,0,0,0,0,0,0,0,0,0,0,0,0,8,1529,122,121,121,121,-5142,29979,29978,29981,29983,29983,29984,29984]} 1. Nf3 d5 2. g3 c6 3. Bg2 g6 4. O-O Bg7 5. d3 e5 6. Nbd2 Ne7 7. e4 O-O 8. Re1 Nd7 9. b3 a5 {B10: Caro-Kann: 2 d3 and 2 c4.} 10. Bb2 {[#]} (10. exd5 $14 cxd5 11. c4) 10... Qc7 $146 (10... d4 $11) ({Predecessor:} 10... d4 11. a4 b6 12. Nc4 Ba6 13. Ncd2 Rc8 14. Ba3 c5 15. Bc1 Qc7 16. Nc4 Nc6 17. Nh4 {1-0 (87) Vargas Arteaga,A (2339)-Cuartas,J (2512) Cartagena 2019}) 11. d4 dxe4 (11... exd4 $14 12. Bxd4 Bxd4 13. Nxd4 Nc5) 12. Nxe4 $16 exd4 13. Bxd4 Nd5 (13... Bxd4 $16 14. Qxd4 Nf5) 14. Bxg7 $18 Kxg7 15. Qd4+ N5f6 $2 (15... Kg8 {is a better defense.} 16. c4 Nb4) 16. Nfg5 (16. g4 $142) 16... h6 (16... c5 $142 17. Qc3 h6) 17. Nxf6 (17. Nxf7 $1 $18 Qb6 18. Qxb6 Nxb6 19. Nfd6) 17... Nxf6 $16 18. Ne4 Qd8 (18... Qe7 $16 {was worth a try.}) 19. Qb2 Be6 (19... Qe7 $16 {might work better.}) 20. Rad1 Qe7 {[#]} 21. a4 (21. Rd6 $1 $18 {has better winning chances.}) 21... Rad8 22. Qc3 ({White should play} 22. Rxd8 $16 Qxd8 23. Qe5) 22... Rxd1 $11 23. Rxd1 Rd8 24. Rd4 (24. Rxd8 {seems wilder.} Qxd8 25. Bf3 Bd5 26. Kg2 h5 27. Nd2) 24... Rxd4 (24... Nxe4 {keeps more tension.} 25. Bxe4 Qf6 26. Rd3 Qxc3 27. Rxc3 Rd1+) 25. Qxd4 Bd5 {[%cal Rd5e4]} 26. Qxf6+ Qxf6 27. Nxf6 Kxf6 28. Bxd5 cxd5 {[%mdl 4096] Endgame KP-KP} 29. Kf1 $1 Ke5 {White must now prevent ...Kd4.} 30. Ke2 Kd4 {...Kc3 is the strong threat.} 31. Kd2 $1 f5 32. f3 g5 33. c3+ Ke5 34. Ke3 h5 35. f4+ gxf4+ 36. gxf4+ Ke6 $2 {[%mdl 8192] [#]} (36... Kd6 $11) 37. Kd4 $2 (37. b4 $1 $18 {[%cal Rb4a5] is the precise move to win.} Kd6 38. bxa5) 37... Kd6 $16 38. h4 b6 39. b4 $2 {[%mdl 8192]} (39. c4 $16 dxc4 40. bxc4) 39... Kc6 $4 {[%mdl 8192]} (39... b5 $19 40. axb5 a4) 40. Ke5 {White mates.} axb4 41. cxb4 d4 42. Kxd4 Kd6 {Accuracy: White = 48%, Black = 46%.} 1-0

[Event "Stay Safe Play From Home 290"]
[Site "Emanuel Lasker Arena"]
[Date "2020.07.09"]
[Round "4"]
[White "Lamborghini"]
[Black "Lazieri3"]
[Result "1-0"]
[WhiteElo "2207"]
[BlackElo "2079"]
[Annotator "TA"]
[PlyCount "131"]
[EventDate "2020.07.09"]
[EventType "swiss (blitz)"]

{[%evp 9,131,2,6,12,10,4,16,12,41,34,37,31,41,31,46,41,48,46,52,-160,-160,-118,-17,-8,7,0,0,0,130,-69,-80,-28,-37,-55,0,-36,248,0,0,0,470,462,537,539,808,725,811,788,810,788,29988,1061,950,957,829,935,1330,1319,1365,1319,1560,1521,1412,1347,1311,1006,1249,1264,29982,29983,29983,29984,29984,29985,29985,29986,29987,29988,29988,29989,29989,29990,29990,29990,29993,29992,29992,29993,29994,29993,29994,29990,29989,29990,29990,29991,29992,29993,29993,29992,29996,29992,29993,29993,29994,29993,29993,29993,29993,29994,29994,29995,29996,29995,29995,29996,29996,29996,29997,29997,29998,29999,29999,29999]} 1. e3 c6 2. c4 d5 3. Nc3 Nf6 4. b3 {[#]} dxc4 $146 ({Predecessor:} 4... e5 5. d3 d4 6. exd4 exd4 7. Ne4 Bb4+ 8. Bd2 Bxd2+ 9. Qxd2 O-O 10. Nxf6+ Qxf6 11. Be2 Re8 {0-1 (34) Oberst,T (2263)-Ortmann,D (2318) Wuerttemberg 2018}) 5. Bxc4 Bg4 6. Nf3 {Black should prevent Ne5. A11: English Opening: 1...c6.} (6. f3 {keeps more tension.} Bh5 7. Nh3 e5 8. O-O Bb4 9. a3) 6... e6 7. h3 Bh5 8. Bb2 {The position is equal.} Bg6 9. d4 Bb4 10. O-O Qe7 11. Ne2 Ba3 12. Bxa3 Qxa3 13. Nf4 Nbd7 14. Bxe6 $2 (14. Nxg6 $14 {keeps the upper hand.} hxg6 15. Re1) 14... fxe6 $17 15. Nxe6 Qa5 (15... Qd6 $17 16. Nf4 Bf5) 16. b4 $11 Qb6 17. a4 Rc8 18. Qb3 Bf7 (18... Ke7 $11 {remains equal.}) 19. Nxg7+ $2 (19. Nfg5 $16 Bg8 20. Nxg7+ Ke7 21. Qc2) 19... Kf8 $15 20. Ne6+ Ke7 21. d5 Nxd5 22. Neg5 $1 {e4 is the strong threat.} N7f6 $2 {[%mdl 8192]} (22... Bh5 $15 23. Qd3 Bxf3 24. Nxf3 Rcf8) 23. Nxf7 $2 (23. e4 $18) 23... Kxf7 $11 {[#]} 24. e4 $1 {[%cal Re4d5][%mdl 576] Pin} Rcd8 $2 {[%mdl 8192]} (24... Nxe4 $11 {and Black stays safe.} 25. Rae1 Nef6 26. Ng5+ Kg8) 25. exd5 $18 Rxd5 26. Rae1 Re8 27. Ng5+ Kg6 28. Rxe8 Nxe8 29. Ne6 Ng7 30. Nf4+ (30. Qg3+ $142 Rg5 31. Qxg5+ Kf7 32. Qxg7+ Kxe6 33. Re1+ Kd5 34. Qe5+ Kc4 35. Rc1+ Kb3 36. Qc3+ Kxa4 37. Qc2+ {[%mdl 64] Double Attack} Ka3 38. Rb1 Qe3 39. fxe3 h6 40. Qb3#) 30... Kf6 {[#]} 31. Qxd5 $1 {[%mdl 512]} cxd5 32. Nxd5+ {[%mdl 64] Double Attack} Ke5 33. Nxb6 axb6 {[%mdl 4096] Endgame KR-KN} 34. Rd1 Ne6 35. f3 Nd4 36. Kf2 Nc2 37. Rb1 Kd4 38. g4 Kc4 39. Rc1 {White mates.} Kb3 {[#]} 40. Rxc2 $1 Kxc2 {KP-KP} 41. f4 Kb3 42. f5 Kxa4 43. f6 Kxb4 {K3P-K3P} 44. f7 b5 45. f8=Q+ Ka4 46. Qf3 h5 47. Qxb7 hxg4 48. hxg4 Kb3 49. g5 b4 {[#]} 50. Qxb4+ $3 Kxb4 {KP-K} 51. g6 Kc5 52. g7 Kd4 53. g8=Q Ke4 54. Qa2 Kf4 55. Ke2 Ke5 56. Kd3 Kd6 57. Qf2 Ke5 58. Qg3+ Kd5 59. Qh4 Kc6 60. Qf6+ Kb5 61. Qc3 Kb6 62. Kd4 Kb5 63. Kd5 Ka6 64. Qb4 Ka7 65. Kc6 {[%csl Gc6][%cal Rb4b7]} Ka8 66. Kc7 {Never resign too early! Accuracy: White = 77%, Black = 50%.} 1-0

[Event "Stay Safe Play From Home 290"]
[Site "Emanuel Lasker Arena"]
[Date "2020.07.09"]
[Round "4"]
[White "Weltszmerc"]
[Black "AChessPlayer"]
[Result "0-1"]
[WhiteElo "2162"]
[BlackElo "2388"]
[Annotator "RC"]
[PlyCount "84"]
[EventDate "2020.07.09"]
[EventType "swiss (blitz)"]

1. d4 {[%emt 0:00:01]} d6 {[%emt 0:00:01]} 2. c4 {[%emt 0:00:00]} Nf6 {[%emt 0:00:00]} 3. Nc3 {[%emt 0:00:00]} Nbd7 {[%emt 0:00:00]} 4. e4 {[%emt 0:00:00]} e5 {[%emt 0:00:00]} 5. Nge2 {[%emt 0:00:01]} c6 {[%emt 0:00:00]} 6. f3 {[%emt 0:00:00]} Qc7 {[%emt 0:00:01]} 7. Be3 {[%emt 0:00:01]} g6 {[%emt 0:00:00]} 8. Qd2 {[%emt 0:00:01]} Bg7 {[%emt 0:00:00]} 9. g4 {[%emt 0:00:01]} O-O {[%emt 0:00:00]} 10. d5 {[%emt 0:00:01]} a5 {[%emt 0:00:02]} 11. Ng3 {[%emt 0:00:01]} cxd5 {[%emt 0:00:00]} 12. cxd5 {[%emt 0:00:02]} Nc5 {[%emt 0:00:01]} 13. h4 {[%emt 0:00:01]} Bxg4 {[%emt 0:00:02]} 14. fxg4 {[%emt 0:00:02]} Nxg4 {[%emt 0:00:00]} 15. h5 {[%emt 0:00:00]} f5 {[%emt 0:00:01]} 16. hxg6 {[%emt 0:00:04]} f4 {[%emt 0:00:01]} 17. Bxc5 {[%emt 0:00:06]} Qxc5 {[%emt 0:00:02]} 18. Nf5 {[%emt 0:00:04]} hxg6 {[%emt 0:00:03]} 19. Ne7+ {[%emt 0:00:10]} Kf7 {[%emt 0:00:01]} 20. Nxg6 {[%emt 0:00:03]} Kxg6 {[%emt 0:00:04]} 21. Qg2 {[%emt 0:00:01]} Qe3+ {[%emt 0:00:01]} 22. Be2 {[%emt 0:00:01]} Qg3+ {[%emt 0:00:05]} 23. Qxg3 {[%emt 0:00:01]} fxg3 {[%emt 0:00:00]} 24. Bxg4 {[%emt 0:00:01]} Rf2 {[%emt 0:00:00]} 25. Bf5+ {[%emt 0:00:01]} Kf6 {[%emt 0:00:01]} 26. O-O-O {[%emt 0:00:01]} g2 {[%emt 0:00:02]} 27. Rhg1 {[%emt 0:00:02]} Bh6+ {[%emt 0:00:01]} 28. Kb1 {[%emt 0:00:01]} Rg8 {[%emt 0:00:01]} 29. Nb5 {[%emt 0:00:04]} Ke7 {[%emt 0:00:02]} 30. Nc7 {[%emt 0:00:02]} Be3 {[%emt 0:00:01]} 31. Ne6 {[%emt 0:00:00]} Re2 {[%emt 0:00:01]} 32. Rde1 {[%emt 0:00:02]} Rxe1+ {[%emt 0:00:01]} 33. Rxe1 {[%emt 0:00:01]} g1=Q {[%emt 0:00:00]} 34. Rxg1 {[%emt 0:00:00]} Rxg1+ {[%emt 0:00:00]} 35. Kc2 {[%emt 0:00:00]} Bb6 {[%emt 0:00:00]} 36. Kb3 {[%emt 0:00:00]} Rh1 {[%emt 0:00:00]} 37. Ka4 {[%emt 0:00:01]} Rh2 {[%emt 0:00:00]} 38. Ka3 {[%emt 0:00:01]} Ba7 {[%emt 0:00:02]} 39. b3 {[%emt 0:00:01]} b5 {[%emt 0:00:01]} 40. Nc7 {[%emt 0:00:00]} Bc5+ {[%emt 0:00:01]} 41. b4 {[%emt 0:00:01]} Bxb4+ {[%emt 0:00:01]} 42. Kb3 {[%emt 0:00:00]} Bc5 {[%emt 0:00:02] Czas partii (Lag: Av=2.80s, max=8.9s)} 0-1